[Event "Moscú open 2006"]
[Site "Moscu RUS"]
[Date "2006.02.02"]
[Round "5.11"]
[White "Zakharstov, Viacheslav V"]
[Black "Balashov, Yuri S"]
[Result "1-0"]
[WhiteElo "2529"]
[BlackElo "2469"]
[PlyCount "117"]
[EventDate "2006.01.29"]
[EventType "swiss"]
[EventRounds "9"]
[EventCountry "RUS"]
[Source "lmi"]
[SourceDate "2006.02.06"]

1. d4 Nf6 2. c4 e6 3. Nc3 d5 4. cxd5 exd5 5. Bg5 Be7 6. e3 O-O 7. Bd3 Nbd7 8.
Qc2 Re8 9. Nf3 c6 10. O-O Nf8 11. h3 Be6 12. Rab1 N6d7 13. Bxe7 Qxe7 14. b4
Rac8 15. Rfc1 Qf6 16. Nd2 Ng6 17. Ne2 Nb6 18. Ng3 a6 19. Nb3 Rc7 20. Nc5 Nc8
21. a4 Nd6 22. Rb3 Bc8 23. Rc3 b5 24. a5 Nf8 25. Nb3 Nc4 26. e4 g6 27. e5 Qh4
28. Ne2 Ne6 29. Rf1 f6 30. exf6 Qxf6 31. Qc1 Rce7 32. Rc2 Kg7 33. Kh2 Rf8 34.
Rc3 Ng5 35. Ng1 Qd6+ 36. f4 Ne6 37. Ne2 Qxb4 38. f5 Qd6+ 39. Ng3 Ref7 40. fxe6
Rxf1 41. Bxf1 h5 42. Kg1 h4 43. Nh1 b4 44. Rc2 Bxe6 45. Qg5 Rf5 46. Qc1 Rf4 47.
Rf2 Rxf2 48. Nxf2 Qg3 49. Nc5 Bf5 50. Bxc4 dxc4 51. Qxc4 Qe3 52. Ncd3 Qe2 53.
d5 cxd5 54. Qxb4 Be4 55. Nc5 Qe3 56. Qd4+ Qxd4 57. Ne6+ Kf6 58. Nxd4 Ke5 59.
Nc6+ 1-0

[Event "Moscú open 2006"]
[Site "Moscu RUS"]
[Date "2006.02.02"]
[Round "5.12"]
[White "Shabanov, Yuri"]
[Black "Dvoirys, Semen I"]
[Result "1/2-1/2"]
[WhiteElo "2435"]
[BlackElo "2595"]
[PlyCount "29"]
[EventDate "2006.01.29"]
[EventType "swiss"]
[EventRounds "9"]
[EventCountry "RUS"]
[Source "lmi"]
[SourceDate "2006.02.06"]

1. e4 c5 2. Nf3 d6 3. c3 Nf6 4. Be2 g6 5. O-O Bg7 6. Bb5+ Bd7 7. Bxd7+ Nbxd7 8.
Re1 c4 9. Na3 Rc8 10. b3 cxb3 11. axb3 O-O 12. Bb2 Nc5 13. d3 a6 14. b4 Ncd7
15. c4 1/2-1/2

[Event "Moscú open 2006"]
[Site "Moscu RUS"]
[Date "2006.02.02"]
[Round "5.13"]
[White "Gladyszev, Oleg"]
[Black "Grigoriants, Sergey"]
[Result "1/2-1/2"]
[WhiteElo "2451"]
[BlackElo "2540"]
[PlyCount "30"]
[EventDate "2006.01.29"]
[EventType "swiss"]
[EventRounds "9"]
[EventCountry "RUS"]
[Source "lmi"]
[SourceDate "2006.02.06"]

1. d4 Nf6 2. c4 e6 3. Nc3 Bb4 4. Qc2 O-O 5. a3 Bxc3+ 6. Qxc3 b6 7. Nf3 Bb7 8.
e3 d5 9. b4 Nbd7 10. Bb2 c5 11. dxc5 bxc5 12. Be2 Nb6 13. cxd5 cxb4 14. axb4
Nbxd5 15. Qa3 a6 1/2-1/2

[Event "Moscú open 2006"]
[Site "Moscu RUS"]
[Date "2006.02.02"]
[Round "5.16"]
[White "Slizhevsky, Alexander"]
[Black "Barsov, Alexei"]
[Result "1/2-1/2"]
[WhiteElo "2409"]
[BlackElo "2491"]
[PlyCount "33"]
[EventDate "2006.01.29"]
[EventType "swiss"]
[EventRounds "9"]
[EventCountry "RUS"]
[Source "lmi"]
[SourceDate "2006.02.06"]

1. e4 e6 2. d4 d5 3. Nc3 Bb4 4. e5 Ne7 5. a3 Bxc3+ 6. bxc3 c5 7. Qg4 O-O 8. Bd3
Nbc6 9. Qh5 Ng6 10. Nf3 Qc7 11. Be3 Nce7 12. h4 Bd7 13. Qg4 f5 14. Qh3 f4 15.
Bd2 Nf5 16. h5 Nge7 17. O-O 1/2-1/2

[Event "Moscú open 2006"]
[Site "Moscu RUS"]
[Date "2006.02.02"]
[Round "5.17"]
[White "Kosyrev, Vladimir"]
[Black "Kargin, Arseny"]
[Result "1-0"]
[WhiteElo "2539"]
[BlackElo "2408"]
[PlyCount "69"]
[EventDate "2006.01.29"]
[EventType "swiss"]
[EventRounds "9"]
[EventCountry "RUS"]
[Source "lmi"]
[SourceDate "2006.02.06"]

1. d4 d5 2. c4 c6 3. Nf3 Nf6 4. e3 Bf5 5. Nc3 e6 6. Nh4 Bg6 7. Nxg6 hxg6 8. Bd2
Nbd7 9. Qb3 Qb6 10. Bd3 Qxb3 11. axb3 a6 12. h3 g5 13. Ke2 Bd6 14. e4 dxe4 15.
Nxe4 Nxe4 16. Bxe4 Be7 17. Bf3 Bf6 18. Be3 O-O 19. b4 Rfe8 20. b5 axb5 21. cxb5
cxb5 22. Bxb7 Rab8 23. Bc6 Red8 24. Ra5 Nf8 25. Rd1 Rd6 26. Be4 Ng6 27. Bxg6
fxg6 28. Kf3 Rd5 29. Ke4 Rbd8 30. Rd3 e5 31. Ra8 Rxa8 32. Kxd5 Re8 33. dxe5
Rxe5+ 34. Kd6 Re8 35. Rb3 1-0

[Event "Moscú open 2006"]
[Site "Moscu RUS"]
[Date "2006.02.02"]
[Round "5.18"]
[White "Krapivin, Alexander"]
[Black "Lysyj, Igor"]
[Result "1-0"]
[WhiteElo "2422"]
[BlackElo "2474"]
[PlyCount "58"]
[EventDate "2006.01.29"]
[EventType "swiss"]
[EventRounds "9"]
[EventCountry "RUS"]
[Source "lmi"]
[SourceDate "2006.02.06"]

1. e4 e6 2. d4 d5 3. e5 c5 4. c3 Nc6 5. Nf3 Bd7 6. a3 f6 7. Bd3 Qc7 8. O-O
O-O-O 9. Re1 Nge7 10. b4 c4 11. Bf1 h6 12. exf6 gxf6 13. Nh4 e5 14. Qf3 Bg7 15.
Qh5 Rde8 16. b5 Na5 17. Be3 Rhg8 18. Nd2 e4 19. g3 f5 20. Bf4 Qb6 21. Bh3 Ref8
22. Nf1 Nb3 23. Rad1 Be8 24. Qe2 Bxb5 25. Ne3 Bd7 26. Qh5 Qe6 27. Kh1 b5 28.
Rg1 Kb7 29. Rge1 a5 1-0

[Event "Moscú open 2006"]
[Site "Moscu RUS"]
[Date "2006.02.02"]
[Round "5.20"]
[White "Gasanov, Eldar"]
[Black "Iskusnyh, Sergei"]
[Result "1/2-1/2"]
[WhiteElo "2438"]
[BlackElo "2459"]
[PlyCount "67"]
[EventDate "2006.01.29"]
[EventType "swiss"]
[EventRounds "9"]
[EventCountry "RUS"]
[Source "lmi"]
[SourceDate "2006.02.06"]

1. d4 d5 2. c4 c6 3. Nc3 Nf6 4. Nf3 a6 5. a4 e6 6. Bg5 Nbd7 7. e3 Qa5 8. Nd2
Bb4 9. Qc2 Ne4 10. Nb3 Qc7 11. Bf4 e5 12. dxe5 Nxe5 13. Bd3 Nxd3+ 14. Qxd3 Qe7
15. cxd5 cxd5 16. O-O Bxc3 17. bxc3 Be6 18. f3 Nd6 19. Bxd6 Qxd6 20. c4 Rd8 21.
c5 Qc7 22. Rfc1 O-O 23. Nd4 Bd7 24. a5 Rfe8 25. Rab1 Re7 26. Qb3 Bc6 27. Qa3
Qe5 28. Rc3 g6 29. Rb6 Rc8 30. Qc1 Rec7 31. Qb2 Bb5 32. Nxb5 axb5 33. Rb3 Qe7
34. R6xb5 1/2-1/2

[Event "Moscú open 2006"]
[Site "Moscu RUS"]
[Date "2006.02.02"]
[Round "5.25"]
[White "Kremenietsky, Anatoly M"]
[Black "Belov, Vladimir"]
[Result "0-1"]
[WhiteElo "2399"]
[BlackElo "2582"]
[PlyCount "41"]
[EventDate "2006.01.29"]
[EventType "swiss"]
[EventRounds "9"]
[EventCountry "RUS"]
[Source "lmi"]
[SourceDate "2006.02.06"]

1. d4 Nf6 2. c4 g6 3. Nc3 d5 4. Bg5 Ne4 5. Nxe4 dxe4 6. Qa4+ c6 7. e3 Nd7 8.
O-O-O Bg7 9. Qa3 Nb6 10. Qa5 Be6 11. b3 Qc8 12. Ne2 Nd7 13. Kb1 f5 14. f3 exf3
15. gxf3 b6 16. Qd2 c5 17. d5 Bf7 18. f4 Nf6 19. Ng3 O-O 20. Bh3 Qd8 21. Rhe1
0-1

[Event "Moscú open 2006"]
[Site "Moscu RUS"]
[Date "2006.02.03"]
[Round "6.1"]
[White "Smikovski, Ivan"]
[Black "Lastin, Alexander"]
[Result "0-1"]
[WhiteElo "2498"]
[BlackElo "2588"]
[PlyCount "202"]
[EventDate "2006.01.29"]
[EventType "swiss"]
[EventRounds "9"]
[EventCountry "RUS"]
[Source "lmi"]
[SourceDate "2006.02.06"]

1. e4 c6 2. d4 d5 3. Nc3 dxe4 4. Nxe4 Bf5 5. Ng3 Bg6 6. h4 h6 7. Nf3 Nd7 8. h5
Bh7 9. Bd3 Bxd3 10. Qxd3 e6 11. Bf4 Qa5+ 12. Bd2 Bb4 13. c3 Be7 14. c4 Qc7 15.
O-O-O Ngf6 16. Kb1 O-O 17. Rhe1 Rfe8 18. Ne5 b5 19. Rc1 bxc4 20. Qxc4 c5 21.
Nxf7 Kxf7 22. Rxe6 Kf8 23. Nf5 Nb6 24. Qc2 Bd8 25. Rxe8+ Nxe8 26. dxc5 Nd5 27.
Rd1 Bf6 28. c6 Qb6 29. Ne3 Ne7 30. Ng4 Qxc6 31. Qxc6 Nxc6 32. Nxf6 Nxf6 33.
Bxh6 Nxh5 34. Be3 Nf6 35. Rc1 Rc8 36. Rc4 Nd5 37. Bd2 Ke7 38. b3 Kd7 39. Rg4
Rg8 40. Kb2 g6 41. a3 Nde7 42. Rh4 Ke6 43. Bc3 Nd5 44. Rc4 Kd6 45. Rg4 Kd7 46.
Rg5 Nf4 47. Kc2 Re8 48. g3 Nh3 49. Rxg6 Nxf2 50. Rg7+ Kd6 51. Rg6+ Kc7 52. b4
Re2+ 53. Kb3 Re3 54. Kc2 Ne4 55. Bb2 Nd6 56. Rg4 Rf3 57. a4 Nf5 58. Rf4 Ne3+
59. Kb1 Rxg3 60. b5 Rg1+ 61. Ka2 Na5 62. Rf7+ Kd6 63. Rxa7 Nec4 64. Rg7 Rf1 65.
Ba3+ Kd5 66. Rg2 Rf3 67. Bb4 Nb3 68. a5 Nc1+ 69. Kb1 Nd3 70. Bd2 Na3+ 71. Ka2
Nxb5 72. a6 Rf6 73. Kb3 Nd4+ 74. Kc3 Ne5 75. a7 Rc6+ 76. Kb2 Rb6+ 77. Kc1 Nd3+
78. Kd1 Rb1+ 79. Bc1 Ra1 80. Kd2 Kc4 81. Rg8 Rxa7 82. Rc8+ Nc5 83. Bb2 Ra2 84.
Kc1 Ndb3+ 85. Kc2 Ra6 86. Rh8 Re6 87. Rh4+ Ne4 88. Rh8 Nec5 89. Rh4+ Ne4 90.
Rh8 Nbc5 91. Ba3 Nd7 92. Rc8+ Kd5 93. Rd8 Rc6+ 94. Kb1 Rc7 95. Kb2 Kd4 96. Kb3
Nd2+ 97. Ka2 Ra7 98. Rh8 Ne5 99. Rh1 Ndc4 100. Rh3 Nd3 101. Rh4+ Kc3 0-1

[Event "Moscú open 2006"]
[Site "Moscu RUS"]
[Date "2006.02.03"]
[Round "6.4"]
[White "Nepomniashchy, Yan"]
[Black "Zakharstov, Viacheslav V"]
[Result "1-0"]
[WhiteElo "2483"]
[BlackElo "2529"]
[PlyCount "71"]
[EventDate "2006.01.29"]
[EventType "swiss"]
[EventRounds "9"]
[EventCountry "RUS"]
[Source "lmi"]
[SourceDate "2006.02.06"]

1. e4 c5 2. Nf3 d6 3. d4 cxd4 4. Nxd4 Nf6 5. Nc3 a6 6. Be3 e5 7. Nb3 Be6 8. f3
h5 9. Qd2 Nbd7 10. O-O-O Rc8 11. Kb1 Be7 12. Nd5 Nxd5 13. exd5 Bf5 14. Bd3 Bxd3
15. Qxd3 Bg5 16. Bf2 Qc7 17. c3 g6 18. h4 Bh6 19. Rhe1 Kf8 20. Re4 Kg7 21. g4
hxg4 22. fxg4 Bf4 23. Rf1 Rcf8 24. h5 Qd8 25. Qe2 g5 26. Rb4 b5 27. a4 Nf6 28.
axb5 Nxd5 29. bxa6 Nxb4 30. cxb4 d5 31. Bc5 Re8 32. a7 Qd7 33. Qa6 d4 34. b5 d3
35. h6+ Kh7 36. Qf6 1-0

[Event "Moscú open 2006"]
[Site "Moscu RUS"]
[Date "2006.02.03"]
[Round "6.6"]
[White "Gabrielian, Artur"]
[Black "Maslak, Konstantin"]
[Result "1/2-1/2"]
[WhiteElo "2495"]
[BlackElo "2477"]
[PlyCount "84"]
[EventDate "2006.01.29"]
[EventType "swiss"]
[EventRounds "9"]
[EventCountry "RUS"]
[Source "lmi"]
[SourceDate "2006.02.06"]

1. e4 e6 2. d4 d5 3. Nc3 Nf6 4. Bg5 dxe4 5. Nxe4 Nbd7 6. Nf3 h6 7. Nxf6+ Nxf6
8. Bh4 c5 9. Bb5+ Bd7 10. Bxd7+ Qxd7 11. Qe2 cxd4 12. O-O-O Bc5 13. Qe5 Qe7 14.
Nxd4 a6 15. Rhe1 Bd6 16. Qe3 O-O-O 17. Nb3 Qc7 18. Rd4 g5 19. Bg3 Nd5 20. Bxd6
Rxd6 21. Qd2 Rdd8 22. h4 Nf4 23. g3 e5 24. Rxd8+ Rxd8 25. Qc3 Qxc3 26. bxc3 Nh3
27. hxg5 hxg5 28. Rxe5 Nxf2 29. Rxg5 Ne4 30. Rf5 Nxg3 31. Rxf7 Ne4 32. Rf4 Re8
33. Kb2 Re7 34. a4 Kc7 35. a5 Nd6 36. c4 Re4 37. Rxe4 Nxe4 38. Ka3 Nf6 39. Kb4
Nd7 40. Kc3 Ne5 41. Kd4 Nc6+ 42. Kc5 Nxa5 1/2-1/2

[Event "Moscú open 2006"]
[Site "Moscu RUS"]
[Date "2006.02.03"]
[Round "6.7"]
[White "Kosyrev, Vladimir"]
[Black "Hasangatin, Ramil"]
[Result "1-0"]
[WhiteElo "2539"]
[BlackElo "2353"]
[PlyCount "79"]
[EventDate "2006.01.29"]
[EventType "swiss"]
[EventRounds "9"]
[EventCountry "RUS"]
[Source "lmi"]
[SourceDate "2006.02.06"]

1. d4 d5 2. c4 c6 3. Nf3 Nf6 4. e3 g6 5. Nc3 Bg7 6. Be2 O-O 7. O-O Be6 8. cxd5
cxd5 9. Qb3 Bc8 10. Ne5 Nc6 11. Nxc6 bxc6 12. Bd2 a5 13. Rfc1 Ba6 14. Bxa6 Rxa6
15. Na4 Qc7 16. h3 Rc8 17. Rc2 Ne4 18. Rac1 e6 19. Be1 Bf8 20. Qd3 Qa7 21. f3
Nd6 22. Nc5 Rb6 23. b3 Rb5 24. Bd2 Bg7 25. Qe2 h5 26. Qe1 Nf5 27. g4 hxg4 28.
hxg4 Ne7 29. a4 Rbb8 30. Bxa5 e5 31. dxe5 d4 32. exd4 Nd5 33. Rh2 Nf4 34. Bd2
Ne6 35. Qe3 Nxc5 36. Rxc5 Qe7 37. b4 Qe6 38. Qc3 Bf8 39. Bg5 Bxc5 40. Qxc5 1-0

[Event "Moscú open 2006"]
[Site "Moscu RUS"]
[Date "2006.02.03"]
[Round "6.8"]
[White "Nikolenko, Oleg"]
[Black "Krapivin, Alexander"]
[Result "1-0"]
[WhiteElo "2524"]
[BlackElo "2422"]
[PlyCount "125"]
[EventDate "2006.01.29"]
[EventType "swiss"]
[EventRounds "9"]
[EventCountry "RUS"]
[Source "lmi"]
[SourceDate "2006.02.06"]

1. e4 c5 2. Nf3 e6 3. Nc3 Nc6 4. Be2 d5 5. exd5 exd5 6. d4 c4 7. O-O Bb4 8. Ne5
Nge7 9. Nxc6 bxc6 10. Na4 Bd6 11. b3 cxb3 12. axb3 O-O 13. Ba3 Bf5 14. Bd3 Re8
15. Re1 Bxa3 16. Rxa3 Qd6 17. Ra1 Bxd3 18. Qxd3 Ng6 19. g3 Nf8 20. Nc5 Ne6 21.
Qc3 h6 22. Nxe6 Rxe6 23. Rxe6 Qxe6 24. Ra6 Qe4 25. Rxc6 a5 26. Rc8+ Rxc8 27.
Qxc8+ Kh7 28. Qc3 g6 29. Qxa5 Qxd4 30. Qe1 Qc5 31. Qe2 h5 32. h4 Kg7 33. Qe5+
f6 34. Qe2 Qb4 35. Qe6 d4 36. Qd7+ Kh6 37. Qc6 Kg7 38. Qc7+ Kh6 39. Qc4 Qe1+
40. Kg2 Qe4+ 41. Kh2 g5 42. hxg5+ fxg5 43. c3 Qc2 44. Qxd4 Qxb3 45. Qf6+ Kh7
46. Qxg5 Qxc3 47. Qxh5+ Kg7 48. Qg5+ Kf7 49. Qf5+ Kg7 50. Kg2 Qc6+ 51. Qf3 Qc2
52. Qd5 Qe2 53. Qd4+ Kg6 54. Qe3 Qg4 55. Qe8+ Kg7 56. Qe5+ Kg6 57. f3 Qd7 58.
Qe4+ Kh6 59. Qh4+ Kg6 60. Qg4+ Qxg4 61. fxg4 Kf6 62. Kf2 Kg5 63. Kf3 1-0

[Event "Moscú open 2006"]
[Site "Moscu RUS"]
[Date "2006.02.03"]
[Round "6.10"]
[White "Aleksandrov, Aleksej"]
[Black "Gavrilov, Alexei"]
[Result "1/2-1/2"]
[WhiteElo "2635"]
[BlackElo "2471"]
[PlyCount "33"]
[EventDate "2006.01.29"]
[EventType "swiss"]
[EventRounds "9"]
[EventCountry "RUS"]
[Source "lmi"]
[SourceDate "2006.02.06"]

1. d4 Nf6 2. c4 e6 3. Nc3 Bb4 4. e3 c5 5. Bd3 cxd4 6. exd4 d5 7. cxd5 Nxd5 8.
Nge2 Nc6 9. O-O O-O 10. Be4 Bd6 11. Qd3 Nf6 12. Bf3 e5 13. d5 Ne7 14. Ng3 Ne8
15. Nb5 f5 16. Qb3 Ng6 17. Bd2 1/2-1/2

[Event "Moscú open 2006"]
[Site "Moscu RUS"]
[Date "2006.02.03"]
[Round "6.12"]
[White "Riazantsev, Alexander"]
[Black "Danin, Alexandre"]
[Result "1/2-1/2"]
[WhiteElo "2596"]
[BlackElo "2413"]
[PlyCount "50"]
[EventDate "2006.01.29"]
[EventType "swiss"]
[EventRounds "9"]
[EventCountry "RUS"]
[Source "lmi"]
[SourceDate "2006.02.06"]

1. e4 c5 2. b3 d6 3. Bb2 Nf6 4. Nc3 e6 5. f4 Nc6 6. Qe2 a6 7. O-O-O b5 8. Nf3
Nd4 9. Qe3 Qb6 10. Ne2 Nxf3 11. gxf3 Bb7 12. f5 e5 13. d3 O-O-O 14. f4 Nd7 15.
Rg1 Qc7 16. Kb1 Kb8 17. Bh3 Nb6 18. Rg2 Re8 19. Rdg1 Ka8 20. Qg3 Kb8 21. Qf3 f6
22. Ng3 Re7 23. Nh5 Rf7 24. Rg3 a5 25. c4 a4 1/2-1/2

[Event "Moscú open 2006"]
[Site "Moscu RUS"]
[Date "2006.02.03"]
[Round "6.13"]
[White "Kryakvin, Dmitry"]
[Black "Bocharov, Dmitry"]
[Result "0-1"]
[WhiteElo "2479"]
[BlackElo "2585"]
[PlyCount "48"]
[EventDate "2006.01.29"]
[EventType "swiss"]
[EventRounds "9"]
[EventCountry "RUS"]
[Source "lmi"]
[SourceDate "2006.02.06"]

1. d4 Nf6 2. c4 e6 3. Nc3 Bb4 4. Qc2 c5 5. dxc5 Qc7 6. Nf3 Bxc5 7. g3 a6 8. Bg2
Be7 9. Bf4 d6 10. Nd2 O-O 11. O-O Nbd7 12. Rfd1 Nh5 13. Be3 Rb8 14. Ba7 Ra8 15.
Be3 f5 16. f4 Ndf6 17. Qb3 e5 18. Bb6 Qb8 19. c5+ Kh8 20. cxd6 Bxd6 21. Nc4 Be6
22. Rxd6 Bxc4 23. Qb4 exf4 24. Rad1 fxg3 0-1

[Event "Moscú open 2006"]
[Site "Moscu RUS"]
[Date "2006.02.03"]
[Round "6.15"]
[White "Amonatov, Farrukh"]
[Black "Shabanov, Yuri"]
[Result "1-0"]
[WhiteElo "2588"]
[BlackElo "2435"]
[PlyCount "81"]
[EventDate "2006.01.29"]
[EventType "swiss"]
[EventRounds "9"]
[EventCountry "RUS"]
[Source "lmi"]
[SourceDate "2006.02.06"]

1. e4 e5 2. Nf3 Nc6 3. d4 exd4 4. Nxd4 Bc5 5. Be3 Bxd4 6. Bxd4 Nxd4 7. Qxd4 Qf6
8. e5 Qb6 9. Qxb6 axb6 10. Nc3 f6 11. Nd5 Kd8 12. exf6 Nxf6 13. Nxf6 gxf6 14.
Bd3 d6 15. Kd2 Ra5 16. c4 Be6 17. Rhe1 Re5 18. f4 Rxe1 19. Rxe1 Kd7 20. a3 h6
21. Ke3 Rg8 22. Kf2 c6 23. Re3 d5 24. cxd5 Bxd5 25. g4 h5 26. h4 hxg4 27. h5
g3+ 28. Rxg3 Rxg3 29. Kxg3 Ke7 30. h6 Kf7 31. Kg4 Be6+ 32. Kh5 Bb3 33. h7 Kg7
34. h8=Q+ Kxh8 35. Kg6 Kg8 36. Kxf6 Kf8 37. Bf5 b5 38. Be6 Bd1 39. Bc8 b6 40.
Bd7 Bf3 41. Ke6 1-0

[Event "Moscú open 2006"]
[Site "Moscu RUS"]
[Date "2006.02.03"]
[Round "6.17"]
[White "Grigoriants, Sergey"]
[Black "Slizhevsky, Alexander"]
[Result "1/2-1/2"]
[WhiteElo "2540"]
[BlackElo "2409"]
[PlyCount "34"]
[EventDate "2006.01.29"]
[EventType "swiss"]
[EventRounds "9"]
[EventCountry "RUS"]
[Source "lmi"]
[SourceDate "2006.02.06"]

1. e4 c5 2. Nf3 d6 3. Nc3 a6 4. d4 cxd4 5. Nxd4 Nf6 6. Be3 e5 7. Nf3 Be7 8. Bc4
Be6 9. Qe2 Nc6 10. O-O Rc8 11. Bb3 Na5 12. Rfd1 Nc4 13. Bxc4 Bxc4 14. Qe1 Nd7
15. Rac1 Qa5 16. a3 Be6 17. Bg5 Qb6 1/2-1/2

[Event "Moscú open 2006"]
[Site "Moscu RUS"]
[Date "2006.02.03"]
[Round "6.19"]
[White "Barsov, Alexei"]
[Black "Gagarin, Vasilij"]
[Result "1/2-1/2"]
[WhiteElo "2491"]
[BlackElo "2424"]
[PlyCount "42"]
[EventDate "2006.01.29"]
[EventType "swiss"]
[EventRounds "9"]
[EventCountry "RUS"]
[Source "lmi"]
[SourceDate "2006.02.06"]

1. d4 d5 2. c4 e6 3. Nc3 c6 4. Nf3 Nf6 5. Bg5 h6 6. Bxf6 Qxf6 7. g3 Nd7 8. Bg2
g6 9. O-O Bg7 10. cxd5 exd5 11. b4 a6 12. a4 O-O 13. b5 axb5 14. axb5 Rxa1 15.
Qxa1 Qd6 16. bxc6 bxc6 17. Rb1 c5 18. Qa3 Qa6 19. Qxa6 Bxa6 20. e3 Bc4 21. h4
Rd8 1/2-1/2

[Event "Moscú open 2006"]
[Site "Moscu RUS"]
[Date "2006.02.03"]
[Round "6.22"]
[White "Rychagov, Andrey"]
[Black "Tarlev, Konstantin"]
[Result "1-0"]
[WhiteElo "2546"]
[BlackElo "2376"]
[PlyCount "89"]
[EventDate "2006.01.29"]
[EventType "swiss"]
[EventRounds "9"]
[EventCountry "RUS"]
[Source "lmi"]
[SourceDate "2006.02.06"]

1. d4 d5 2. c4 dxc4 3. Nf3 Nf6 4. e3 e6 5. Bxc4 c5 6. O-O a6 7. Bd3 Nbd7 8. Qe2
Be7 9. Rd1 cxd4 10. exd4 b6 11. Nc3 Bb7 12. Ne5 O-O 13. a4 a5 14. Be3 Nd5 15.
Nxd5 Bxd5 16. Rac1 Bb3 17. Bxh7+ Kxh7 18. Qd3+ Kg8 19. Qxb3 Nf6 20. Nc6 Qd7 21.
Bg5 Nd5 22. Bxe7 Nxe7 23. Nxe7+ Qxe7 24. Rc6 Qb4 25. Rxb6 Qxb3 26. Rxb3 Rab8
27. Rdd3 Rxb3 28. Rxb3 Rd8 29. Rd3 Kf8 30. f4 Ke7 31. Kf2 Rb8 32. b3 Rc8 33. d5
Rd8 34. d6+ Kd7 35. Rc3 Rb8 36. Rc7+ Kxd6 37. Rxf7 Rxb3 38. Rxg7 Rb4 39. Kg3
Rxa4 40. Rg5 Ra3+ 41. Kh4 Ra2 42. h3 Ke7 43. g4 Kf6 44. Kh5 Ra4 45. h4 1-0

[Event "Moscú open 2006"]
[Site "Moscu RUS"]
[Date "2006.02.03"]
[Round "6.23"]
[White "Yuferov, Sergey  N"]
[Black "Geller, Jakov"]
[Result "1/2-1/2"]
[WhiteElo "2431"]
[BlackElo "2483"]
[PlyCount "37"]
[EventDate "2006.01.29"]
[EventType "swiss"]
[EventRounds "9"]
[EventCountry "RUS"]
[Source "lmi"]
[SourceDate "2006.02.06"]

1. d4 d5 2. c4 e6 3. Nc3 Nf6 4. cxd5 exd5 5. Bg5 c6 6. e3 h6 7. Bh4 Bf5 8. Qf3
Bg6 9. Bxf6 Qxf6 10. Qxf6 gxf6 11. Nf3 Nd7 12. Nh4 Be7 13. g3 f5 14. Ng2 Nf6
15. f3 Nh5 16. Bd3 Kd7 17. Rd1 Ng7 18. O-O Rae8 19. Kf2 1/2-1/2

[Event "Moscú open 2006"]
[Site "Moscu RUS"]
[Date "2006.02.04"]
[Round "7.3"]
[White "Czarnota, Pawel"]
[Black "Nikolenko, Oleg"]
[Result "1-0"]
[WhiteElo "2432"]
[BlackElo "2524"]
[PlyCount "109"]
[EventDate "2006.01.29"]
[EventType "swiss"]
[EventRounds "9"]
[EventCountry "RUS"]
[Source "lmi"]
[SourceDate "2006.02.06"]

1. e4 e6 2. d4 d5 3. Nc3 Nf6 4. Bg5 Be7 5. e5 Nfd7 6. h4 c5 7. Bxe7 Qxe7 8. Qg4
Kf8 9. Nf3 cxd4 10. Nb5 Nc6 11. Qf4 f6 12. exf6 Qxf6 13. Nc7 Qxf4 14. Nxe6+ Kf7
15. Nxf4 Re8+ 16. Be2 Nf6 17. O-O-O Bg4 18. Ng5+ Kg8 19. Bf3 Rad8 20. Rhe1 Bxf3
21. Nxf3 Re4 22. g3 Ng4 23. Rf1 h6 24. h5 Nf6 25. a3 Rd7 26. Rd2 Rf7 27. Rd3
Nd7 28. Rfd1 Nde5 29. Nxe5 Rxe5 30. b3 a6 31. Kb2 Rff5 32. R3d2 Re4 33. b4 Kf7
34. Kb3 b5 35. Rd3 Re8 36. c3 dxc3 37. Rxc3 Nd8 38. Rxd5 Rxd5 39. Nxd5 Re5 40.
Rc7+ Kf8 41. Nf4 Re1 42. Ng6+ Kg8 43. Rd7 Ne6 44. Kc3 Rc1+ 45. Kd2 Ra1 46. f4
Ra2+ 47. Kc1 Rf2 48. g4 Nxf4 49. Rd8+ Kf7 50. Rf8+ Ke6 51. Rxf4 Rxf4 52. Nxf4+
Kf6 53. Kd2 Kg5 54. Ne6+ Kxg4 55. Nxg7 1-0

[Event "Moscú open 2006"]
[Site "Moscu RUS"]
[Date "2006.02.04"]
[Round "7.5"]
[White "Bocharov, Dmitry"]
[Black "Rychagov, Andrey"]
[Result "0-1"]
[WhiteElo "2585"]
[BlackElo "2546"]
[PlyCount "104"]
[EventDate "2006.01.29"]
[EventType "swiss"]
[EventRounds "9"]
[EventCountry "RUS"]
[Source "lmi"]
[SourceDate "2006.02.06"]

1. d4 d5 2. c4 c6 3. Nf3 Nf6 4. Nc3 dxc4 5. a4 Bf5 6. Ne5 Nbd7 7. Nxc4 Nb6 8.
Ne5 a5 9. f3 Nfd7 10. Nxd7 Nxd7 11. e4 Bg6 12. Be3 e5 13. dxe5 Nxe5 14. Qb3 Bb4
15. Be2 f6 16. O-O Qe7 17. Na2 Bc5 18. Bxc5 Qxc5+ 19. Kh1 Bf7 20. Qc3 Qxc3 21.
Nxc3 O-O-O 22. Rf2 Kc7 23. Bf1 Nd3 24. Rc2 Nb4 25. Rf2 Kb6 26. Kg1 Nd3 27. Bxd3
Rxd3 28. Re1 Bb3 29. g4 Rd4 30. Ra1 Rhd8 31. Kg2 Kc5 32. Rc1 Kb4 33. Ra1 Rd3
34. Kg3 R8d4 35. h4 Rd2 36. Ne2 Rd7 37. Nc1 Bxa4 38. Ra3 Rxf2 39. Na2+ Kc4 40.
Kxf2 Bb3 41. Rxa5 Bxa2 42. Rxa2 Kb3 43. Ra8 Kxb2 44. g5 Kc3 45. Ke3 c5 46. gxf6
gxf6 47. Rf8 b5 48. Rxf6 b4 49. Rb6 b3 50. e5 b2 51. f4 Rd3+ 52. Ke2 Rd4 0-1

[Event "Moscú open 2006"]
[Site "Moscu RUS"]
[Date "2006.02.04"]
[Round "7.6"]
[White "Amonatov, Farrukh"]
[Black "Tihonov, Jurij"]
[Result "1-0"]
[WhiteElo "2588"]
[BlackElo "2454"]
[PlyCount "45"]
[EventDate "2006.01.29"]
[EventType "swiss"]
[EventRounds "9"]
[EventCountry "RUS"]
[Source "lmi"]
[SourceDate "2006.02.06"]

1. e4 c5 2. Nf3 d6 3. d4 cxd4 4. Nxd4 Nf6 5. Nc3 a6 6. Be3 e5 7. Nb3 Be6 8. Qd2
Nbd7 9. O-O-O Be7 10. f4 Ng4 11. g3 Nxe3 12. Qxe3 O-O 13. Kb1 Nf6 14. f5 Bd7
15. Rg1 h6 16. h4 Ne8 17. Nd2 Rc8 18. Nd5 Nf6 19. Nxe7+ Qxe7 20. g4 h5 21. gxh5
Nxh5 22. Qh6 Ba4 23. Bd3 1-0

[Event "Moscú open 2006"]
[Site "Moscu RUS"]
[Date "2006.02.04"]
[Round "7.7"]
[White "Maslak, Konstantin"]
[Black "Dvoirys, Semen I"]
[Result "1/2-1/2"]
[WhiteElo "2477"]
[BlackElo "2595"]
[PlyCount "26"]
[EventDate "2006.01.29"]
[EventType "swiss"]
[EventRounds "9"]
[EventCountry "RUS"]
[Source "lmi"]
[SourceDate "2006.02.06"]

1. e4 c5 2. Nf3 d6 3. d4 cxd4 4. Nxd4 Nf6 5. Nc3 a6 6. Be2 e5 7. Nb3 Be7 8. Bg5
Be6 9. Bxf6 Bxf6 10. Qd3 Nc6 11. O-O-O Nd4 12. Nxd4 exd4 13. Nd5 Bxd5 1/2-1/2

[Event "Moscú open 2006"]
[Site "Moscu RUS"]
[Date "2006.02.04"]
[Round "7.8"]
[White "Smikovski, Ivan"]
[Black "Gabrielian, Artur"]
[Result "1-0"]
[WhiteElo "2498"]
[BlackElo "2495"]
[PlyCount "77"]
[EventDate "2006.01.29"]
[EventType "swiss"]
[EventRounds "9"]
[EventCountry "RUS"]
[Source "lmi"]
[SourceDate "2006.02.06"]

1. e4 c5 2. Nf3 d6 3. d4 cxd4 4. Nxd4 Nf6 5. Nc3 a6 6. Be3 e6 7. Be2 Qc7 8. Qd2
Be7 9. O-O-O b5 10. a3 O-O 11. g4 Bb7 12. f3 Nc6 13. g5 Nxd4 14. Bxd4 Nd7 15.
h4 Rfc8 16. Kb1 e5 17. Be3 b4 18. axb4 d5 19. Nxd5 Bxd5 20. exd5 Bxb4 21. c3
Bd6 22. h5 Nb6 23. Rh4 Qd8 24. Rg4 Rab8 25. Bxa6 Rc7 26. g6 f5 27. gxh7+ Kh8
28. Bxb6 Rxb6 29. Ra4 Qd7 30. Ra2 Qe7 31. Bd3 Qf6 32. Kc2 Bc5 33. Qg2 Kxh7 34.
Qh3 Rf7 35. Qg3 Qe7 36. Re1 Rbf6 37. Ra8 Qd7 38. Rxe5 Bd6 39. Rxf5 1-0